000 00961nam a2200205Ia 4500
001 c148-25321 [4328]
003 IT-MiCISF
008 161014s9999||||xx |||||||||||||| ||und||
040 _aIT-MiCISF
_cIT-MiCISF
041 _ait
100 _aCipriani Franco (a cura di)
245 0 _aMatrimonio concordatario e tutela giurisdizionale
250 _a1a ed.
260 _a Napoli
_bEdizioni Scientifiche Italiane
_c1992
300 _app. 264
500 _aBalena G., Ballarino T., Barbiera L., Bordonali S., Cannone A., Carbone V., Ciliento L., Cipriani F., Colaianni N., Conserva D., Costantino G., Dammacco G., Finocchiaro F., Garofalo L., Grasso E., Liberti L., Margiotta Broglio F., Proto Pisani A., Starace V., Trisorio Liuzzi G., Troccoli L., Vaccarella R., Vitale A. / matrimonio-sacramento, diritto, diritto-canonico, divorzio, nullità, legislazione, rapporti-patrimoniali /
650 _amatrimonio
942 _cBK
957 _71
999 _a25321
_bsi
_g1
_c209538
_d209538